| 000 | 00417nam a2200145Ia 4500 | ||
|---|---|---|---|
| 008 | 220214s9999 xx 000 0 und d | ||
| 022 | _a0008-4093 | ||
| 245 | 0 | _aCANADIAN JOURNAL OF GENETICS AND CYTOLOGY | |
| 246 | _aGenome | ||
| 260 |
_bNational Research Council of Canada, Ottawa _aCanada |
||
| 310 | _aBM | ||
| 500 | _aEnding Volume & Year: 28, 1987 | ||
| 500 | _aStarting Volume & Year: 18, 1976 | ||
| 942 | _cBJ | ||
| 999 |
_c13592 _d13592 |
||